000 00981 a2200265 4500
003 OSt
005 20230828143542.0
008 230218s2016 mx ad||f |||| 001 0 spa d
020 _a9786076226155
040 _cCHAP
082 0 0 _222
_a382.7
_bS68 2016
100 1 _9187783
_aSoler, David
245 1 0 _aGuía práctica de las reglas Incoterms 2010:
_bderechos y obligaciones sobre las mercancías en el comercio internacional /
_cpor David Soler
250 _aSegunda edición
264 1 _aMéxico:
_bAlfaomega,
_c2016.
300 _a255 páginas:
_bIlustraciones, tablas.
490 1 _aAdministración.
504 _aIncluye índice y bibliografía
650 4 _9132770
_aComercio internacional
_xLogística empresarial
650 4 _967474
_aLogística empresarial
650 4 _9158467
_aMercancia, Transporte y distribución de
650 4 _9186523
_aLogística en los negocios
_xAdministración
830 _9187786
_aAdministración.
_pLogística.
942 _cLibro
_2ddc
999 _c218379
_d218379